The Doors Song Titles in French - Statistics

General Stats
  • This quiz has been taken 51 times
  • The average score is 10 of 16
Answer Stats
Hint Answer % Correct
Touchez moi Touch Me
96%
L.A. Femme L.A. Woman
94%
La fin The End
94%
Allume mon feu Light My Fire
89%
Les gens sont étranges People Are Strange
85%
Salut je t'aime Hello I Love You
83%
Aime moi deux fois Love Me Two Times
66%
Quand la musique est finie When The Music's Over
64%
Les cavaliers sur la tempête Riders On The Storm
57%
Été indien Indian Summer
55%
Attendant le soleil Waiting For The Sun
53%
Grenouille de la paix Peace Frog
47%
Briser à travers (de l'autre côté) Break On Through (To The Other Side)
40%
Jacinthe maison Hyacinth House
30%
Nous pourrions être si bons ensemble We Could Be So Good Together
28%
L'aime follement Love Her Madly
26%
No matching quizzes found
Score Distribution
Percent of People with Each Score
Percentile by Number Answered
Your Score History
You have not taken this quiz